<?xml version="1.0" encoding="UTF-8"?>
<record
    xmlns:xsi="http://www.w3.org/2001/XMLSchema-instance"
    xsi:schemaLocation="http://www.loc.gov/MARC21/slim http://www.loc.gov/standards/marcxml/schema/MARC21slim.xsd"
    xmlns="http://www.loc.gov/MARC21/slim">

  <leader>02486    a2200241   4500</leader>
  <controlfield tag="001">55624</controlfield>
  <controlfield tag="005">20260407155829.0</controlfield>
  <controlfield tag="008">260407a1963    arg                 spa d</controlfield>
  <controlfield tag="003">AR-UNSa-BCEJYS</controlfield>
  <datafield tag="040" ind1=" " ind2=" ">
    <subfield code="a">AR-UNSa-BCEJYS</subfield>
    <subfield code="b">spa</subfield>
    <subfield code="c">AR-UNSa-BCEJYS</subfield>
  </datafield>
  <datafield tag="080" ind1=" " ind2=" ">
    <subfield code="a">330.1</subfield>
    <subfield code="x">Ciencia econ&#xF3;mica. Conceptos fundamentales de teor&#xED;a econ&#xF3;mica. Valor. Capital. Fondos</subfield>
  </datafield>
  <datafield tag="245" ind1="1" ind2="0">
    <subfield code="a">An&#xE1;lisis econ&#xF3;mico</subfield>
  </datafield>
  <datafield tag="250" ind1=" " ind2=" ">
    <subfield code="a">8a. ed.</subfield>
  </datafield>
  <datafield tag="264" ind1=" " ind2="1">
    <subfield code="a">Madrid :</subfield>
    <subfield code="b">Revista de Occidente</subfield>
    <subfield code="c">1963</subfield>
  </datafield>
  <datafield tag="300" ind1=" " ind2=" ">
    <subfield code="a">xvi, 789 p.</subfield>
    <subfield code="c">22 cm.</subfield>
  </datafield>
  <datafield tag="505" ind1=" " ind2=" ">
    <subfield code="a">1. La misi&#xF3;n y el m&#xE9;todo del an&#xE1;lisis econ&#xF3;mico - 2. Especializaci&#xF3;n y cambio: La tarea de la organizaci&#xF3;n econ&#xF3;mica - 3. Algunas aplicaciones de la teor&#xED;a elemental del cambio &#x2013; 4. Determinaci&#xF3;n del precio en mercados de competencia perfecta - 5. La oferta y la demanda en un mercado de competencia -6. Algunas aplicaciones del an&#xE1;lisis de la oferta y la demanda - 7. Producci&#xF3;n y consumo. El concepto de precio &#x201C;normal&#x201D; - 8. Otras aplicaciones del an&#xE1;lisis de la oferta y la demanda &#x2013; 9. El principio de igual ventaja &#x2013; 10. Algunas aplicaciones del principio de igual ventaja &#x2013; 11.  La teor&#xED;a elemental de la distribuci&#xF3;n &#x2013; 12. Algunas aplicaciones de la teor&#xED;a de la distribuci&#xF3;n &#x2013; 13. La teor&#xED;a del dinero &#x2013; 14. Capital, renta e inter&#xE9;s &#x2013; 15. La banca &#x2013; 16. Relaciones econ&#xF3;micas internacionales e interregionales &#x2013; 17. Algunas aplicaciones de la renta monetaria &#x2013; 18. La naturaleza de la empresa econ&#xF3;mica -19. Formas de organizaci&#xF3;n de la empresa - 20. La empresa y la industria en r&#xE9;gimen de competencia perfecta &#x2013; 21. El equilibrio de la industria en r&#xE9;gimen de competencia y la obtenci&#xF3;n de las curvas de oferta &#x2013; 22. Construcci&#xF3;n de  la curva de coste &#x2013; 23. Estudios superiores en la teor&#xED;a de la firma y de la industria &#x2013; 24. La teor&#xED;a elemental del monopolio &#x2013; 25. Algunas aplicaciones de la teor&#xED;a del monopolio &#x2013; 26. La teor&#xED;a superior del monopolio &#x2013; 27. Competencia imperfecta &#x2013; 28. Algunas aplicaciones de la teor&#xED;a de la empresa y de la industria &#x2013; 29. La teor&#xED;a elemental del consumo &#x2013; 30. La teor&#xED;a superior del consumo &#x2013; 31. Tiempo, producci&#xF3;n y valorizaci&#xF3;n &#x2013; 32. El equilibrio de una empresa en el tiempo &#x2013; 33. La teor&#xED;a del inter&#xE9;s &#x2013; 34. Equilibrio, progreso y pol&#xED;tica.</subfield>
  </datafield>
  <datafield tag="041" ind1=" " ind2=" ">
    <subfield code="a">spa</subfield>
  </datafield>
  <datafield tag="942" ind1=" " ind2=" ">
    <subfield code="c">BK</subfield>
  </datafield>
  <datafield tag="590" ind1=" " ind2=" ">
    <subfield code="a">niveau_biblio:m niveau_hierar:0</subfield>
  </datafield>
  <datafield tag="100" ind1="1" ind2=" ">
    <subfield code="a">Boulding, Kenneth E.</subfield>
  </datafield>
  <datafield tag="700" ind1="1" ind2=" ">
    <subfield code="a">Bramtot, Juan A.</subfield>
  </datafield>
  <datafield tag="700" ind1="1" ind2=" ">
    <subfield code="a">Paredes, Miguel</subfield>
  </datafield>
  <datafield tag="999" ind1=" " ind2=" ">
    <subfield code="c">5968</subfield>
    <subfield code="d">5968</subfield>
  </datafield>
  <datafield tag="952" ind1=" " ind2=" ">
    <subfield code="0">0</subfield>
    <subfield code="1">0</subfield>
    <subfield code="4">0</subfield>
    <subfield code="7">0</subfield>
    <subfield code="a">BCEJYS</subfield>
    <subfield code="b">BCEJYS</subfield>
    <subfield code="c">16</subfield>
    <subfield code="d">2026-04-07</subfield>
    <subfield code="l">0</subfield>
    <subfield code="o">330.1 B763 8ed.</subfield>
    <subfield code="p">L20226</subfield>
    <subfield code="r">2026-04-07 15:58:29</subfield>
    <subfield code="w">2026-04-07</subfield>
    <subfield code="y">L</subfield>
  </datafield>
  <datafield tag="952" ind1=" " ind2=" ">
    <subfield code="0">0</subfield>
    <subfield code="1">0</subfield>
    <subfield code="4">0</subfield>
    <subfield code="7">0</subfield>
    <subfield code="a">BCEJYS</subfield>
    <subfield code="b">BCEJYS</subfield>
    <subfield code="c">16</subfield>
    <subfield code="d">2026-04-07</subfield>
    <subfield code="l">0</subfield>
    <subfield code="o">330.1 B763 8ed.</subfield>
    <subfield code="p">L20772</subfield>
    <subfield code="r">2026-04-07 15:58:29</subfield>
    <subfield code="w">2026-04-07</subfield>
    <subfield code="y">L</subfield>
  </datafield>
  <datafield tag="952" ind1=" " ind2=" ">
    <subfield code="0">0</subfield>
    <subfield code="1">0</subfield>
    <subfield code="4">0</subfield>
    <subfield code="7">0</subfield>
    <subfield code="a">BCEJYS</subfield>
    <subfield code="b">BCEJYS</subfield>
    <subfield code="c">16</subfield>
    <subfield code="d">2026-04-07</subfield>
    <subfield code="l">0</subfield>
    <subfield code="o">330.1 B763 5ed.</subfield>
    <subfield code="p">L20788</subfield>
    <subfield code="r">2026-04-07 15:58:29</subfield>
    <subfield code="w">2026-04-07</subfield>
    <subfield code="y">L</subfield>
  </datafield>
</record>
